| 000 | 00956nam a2200265Ia 4500 | ||
|---|---|---|---|
| 001 | 21974 | ||
| 005 | 20260320113330.0 | ||
| 008 | 260320s9999||||xx |||||||||||||| ||und|| | ||
| 020 | _a9786125165114 | ||
| 041 | _aESP | ||
| 082 |
_a158.1 _bN94 |
||
| 100 |
_aNúñez Cohello, Ana Lucía, _eAUT |
||
| 245 | 0 |
_aMi reflejo en el espejo : _bguía para fortalecer la autoestima para niños y adolescentes entre 7 y 14 años |
|
| 246 |
_a _5 _b |
||
| 250 | _aPrimera edición | ||
| 260 |
_aArequipa : _bUniversidad Católica San Pablo, _c2025 |
||
| 300 |
_a103 páginas : _bilustraciones ; _c22 cm. _e |
||
| 440 |
_a _n _v |
||
| 650 | _aPSI | ||
| 653 | _aAutoestima; Niños; Adolescentes; Autoconocimiento; Aceptación | ||
| 654 | _aCPS | ||
| 700 |
_a _c |
||
| 856 |
_uhttps://0u20vmqdl-y-https-ebookcentral-proquest-com.itmsp.museknowledge.com/lib/catolicasp/home.action _zVéase además: Base de datos ProQuest Ebook Central |
||
| 942 |
_cLIB _dJUS _fMAT _2ddc _n |
||
| 999 |
_c21974 _d21974 |
||